000 00829nas a2200265 4500
001 BR8300048
003 BR-BrBNA
005 20231205085355.0
007 ta
008 230509b bl.|||p| |||| 00| 00por d
040 _aBR-BrBNA
_bpor
_cBiblioteca Nacional de Agricultura
041 _a(Pt)
072 _aL73
100 1 _aVogel, J.
100 1 _aChaves, A. da S.
100 1 _aBotelho, G.G.
245 1 _aEmprego dos iodetos no diagnostico funcional das nefropatias caninas [rim]
246 1 _aThe use of iodide in funcional diagnosis of renal diseases in the dog [kidney]
650 _aCAO
650 _aRIM
650 _aDIAGNOSTICO
773 0 _tRevista Brasileira de Medicina Veterinaria (Brazil)
_x
_g(Jan 1982), v. 5(1) p. 3-8
_wBR8300048
909 _a202311
_bLúcia
_c55
_dLúcia Elande
942 _2AGRIS
_n0
_cANA
999 _c111051
_d111051